[Event "Bundesliga 1617"]
[Site "Germany"]
[Date "2017.04.29"]
[Round "13.2"]
[White "Anand, Viswanathan"]
[Black "Ruck, Robert"]
[Result "1/2-1/2"]
[WhiteElo "2776"]
[BlackElo "2566"]
[Annotator "Sagar Shah"]
[PlyCount "86"]
[EventDate "2016.10.15"]
[EventType "team-tourn"]
[EventRounds "15"]
[EventCountry "GER"]
[SourceTitle "CBM 179"]
[Source "ChessBase"]
[SourceDate "2017.07.12"]
[SourceVersion "1"]
[SourceVersionDate "2017.07.12"]
[SourceQuality "1"]
[WhiteTeam "Baden-Baden"]
[BlackTeam "Schwegenheim"]
[WhiteTeamCountry "GER"]
[BlackTeamCountry "GER"]

1. e4 c6 2. d4 d5 3. e5 Bf5 4. Nf3 e6 5. Be2 Nd7 6. O-O Ne7 (6... Nh6 {is the
other way to develop the knight.}) 7. c3 {7.Nd2 and 7.Nh4 are the main moves,
but Anand strengthens his centre.} Ng6 8. Re1 {Now this is really rare. Only
one game has seen this move before. What is Anand's plan? Well perhaps he is
planning Nd2-f1-g3 or he could be just preparing against a future f6-break.} (
8. Be3 {followed by Nbd2 has been seen in games prior to this one.}) 8... Be7
9. Bd3 Bxd3 10. Qxd3 Nh4 (10... O-O {This seems like a comfortable position,
but Ruck might have been afraid of} 11. g3 {, when the knight on g6 feels a
little uncomfortable with the idea of h4-h5.} f6 $1 12. exf6 Rxf6 13. Nbd2 (13.
Bg5 $2 Rxf3 $17) 13... c5 $132 {Black should be happy with his position.}) 11.
Nxh4 Bxh4 12. Nd2 Qb6 13. Qh3 Be7 14. Qg3 O-O 15. Nf3 Kh8 16. h4 c5 {The
battlegrounds are clearly drawn. White will try and checkmate Black's king.
Black on the other hand will try to generate quick play on the queenside and
distract White. In such a scenario it helps Black that two pairs of pieces
have already left the board.} 17. Rd1 $6 {Anand goes too slowly and gives the
initiative to his opponent.} (17. Bg5 $5 Bxg5 (17... f6 18. exf6 Bxf6 19. Rad1
$16) 18. Qxg5 Qxb2 19. Rab1 Qxc3 20. Rxb7 $36 {This is exactly what White
needs. A way to break into Black's position.}) 17... Rac8 18. b3 cxd4 19. cxd4
Rc2 {Ruck makes strong moves and gets his rook into the second rank. On the
other hand, how Anand will attack the black king is not clear at all.} 20. Ng5
Bxg5 (20... Qa6 $5 {Such moves are easy for the computer to make. But for
humans when a knight goes to g5, your initial reaction is to do something
about it. But if we look closely, the knight is not creating any threats and
hence, a move like ...Qa6 which threatens not only ...Qe2 but also the a2-pawn,
can be quite strong.} 21. Be3 Rxa2 $17) 21. Bxg5 Rfc8 22. Rd3 Qb4 23. Qf4 Qf8
24. Rg3 {It seems like White is getting something of an attack brewing, but
Black has sufficient resources to meet it.} (24. Rf3 {was better.} Kg8 25. Rg3
R8c3 26. h5 Rxg3 27. Qxg3 f6 28. exf6 Nxf6 $11 {The position is round about
even.}) 24... h6 $1 {A brave move. Ruck sees nothing wrong with moving a pawn
in front of his king.} 25. Bf6 Nxf6 $1 (25... gxf6 26. exf6 $44 {Black's
pieces are absolutely not moving. Rg7 is a big threat.} Nxf6 27. Qxf6+ Kh7 28.
Re1 $14) 26. exf6 g6 27. h5 g5 $17 {The kingside is safe. It's time for Black
to strike back on the queenside.} 28. Qe5 Qa3 29. f4 Rc1+ {Black checks out
too soon. It was important to withstand the pressure and find the best
continuation.} (29... Qb2 $1 30. Re1 (30. fxg5 Qxa1+ 31. Kh2 Rc1 $19) (30. Rf1
Re2 $1 31. Qd6 Qxd4+ 32. Kh2 Qxf6 $19) 30... Rc1 31. Kh2 (31. Rxc1 Rxc1+ 32.
Kh2 Qb1 33. Rf3 Re1 34. Qb8+ Kh7 35. Qc7 Rh1+ 36. Kg3 Qe1+ 37. Rf2 gxf4+ 38.
Qxf4 Rxh5 {Black is cruising towards victory!}) 31... Rxe1 32. Qxe1 Qxd4 33.
fxg5 Qh4+ 34. Kg1 hxg5 $19 {Black is just winning.}) 30. Rxc1 Qxc1+ 31. Kh2
Qxf4 (31... gxf4 32. Rg7 {White has enough compensation.}) 32. Qxf4 gxf4 33.
Rg7 {White's rook is activated. Black is not worse, but he has lost all his
advantage.} Rc2 $1 34. Kh3 (34. Rxf7 Kg8 (34... f3 35. Rf8+ Kh7 36. Kg1 Rxg2+
37. Kf1 Rh2 38. Ra8 $11) 35. Rxb7 Rxa2 $11) 34... Rxa2 35. Rxf7 Kg8 36. Rxb7 a5
37. Rg7+ Kf8 38. Rg6 Kf7 39. Rxh6 Rd2 40. Kg4 Rxg2+ 41. Kxf4 Rf2+ 42. Ke5 Re2+
43. Kd6 Re4 {A great game by Robert Ruck. A draw against the five-time World
Champion is no mean feat. But what differentiates 2550 grandmasters from 2750
GMs is the moment where Black had to calculate accurately, have loads of will
power and play the move 29...Qb2. That would have given Ruck the full point.}
1/2-1/2

[Event "Saint Louis Showdown 60m"]
[Site "Saint Louis"]
[Date "2016.11.10"]
[Round "2"]
[White "Topalov, Veselin"]
[Black "Anand, Viswanathan"]
[Result "1/2-1/2"]
[WhiteElo "2760"]
[BlackElo "2779"]
[PlyCount "91"]
[EventDate "2016.11.10"]
[EventType "tourn"]
[EventRounds "6"]
[EventCountry "USA"]
[EventCategory "22"]
[SourceTitle "CBM 176"]
[Source "ChessBase"]
[SourceDate "2017.01.17"]
[SourceVersion "1"]
[SourceVersionDate "2017.01.17"]
[SourceQuality "1"]

1. c4 e5 2. Nc3 Bb4 3. Nd5 Bc5 4. Nf3 c6 5. Nc3 d6 6. a3 Nf6 7. e3 e4 8. Nd4
O-O 9. d3 d5 10. cxd5 cxd5 11. Be2 Qe7 12. b4 Bb6 13. O-O Rd8 14. Ra2 Bxd4 15.
exd4 Nc6 16. Be3 Bf5 17. dxe4 Nxe4 18. Nxe4 Bxe4 19. Qd2 Qe6 20. f3 Bg6 21. Re1
Re8 22. Bf1 Qd7 23. Raa1 a6 24. b5 axb5 25. Bxb5 h5 26. a4 Qd6 27. Bf4 Rxe1+
28. Rxe1 Qf6 29. Be5 Qf5 30. Bxc6 bxc6 31. a5 Qd3 32. Qxd3 Bxd3 33. Bc7 f6 34.
Re3 Bc4 35. Re6 Kf7 36. Rxc6 Re8 37. Bg3 Kg6 38. h4 Re2 39. Rc7 Ra2 40. Be1 Ra1
41. Kf2 Ra2+ 42. Kg1 Ra1 43. Re7 Kf5 44. Kh2 g6 45. Kg3 Ra2 46. Rf7 1/2-1/2

[Event "Saint Louis Showdown 60m"]
[Site "Saint Louis"]
[Date "2016.11.12"]
[Round "5"]
[White "Anand, Viswanathan"]
[Black "Topalov, Veselin"]
[Result "1/2-1/2"]
[WhiteElo "2779"]
[BlackElo "2760"]
[PlyCount "63"]
[EventDate "2016.11.10"]
[EventType "tourn"]
[EventRounds "6"]
[EventCountry "USA"]
[EventCategory "22"]
[SourceTitle "CBM 176"]
[Source "ChessBase"]
[SourceDate "2017.01.17"]
[SourceVersion "1"]
[SourceVersionDate "2017.01.17"]
[SourceQuality "1"]

1. e4 e5 2. Nf3 Nc6 3. Bc4 Bc5 4. c3 Nf6 5. d3 O-O 6. Nbd2 d6 7. b4 Bb6 8. a4
a5 9. b5 Ne7 10. Bb3 c6 11. O-O Ng6 12. Nc4 Bc7 13. Re1 Re8 14. Bg5 h6 15. b6
Bb8 16. Bxf6 Qxf6 17. Rb1 Ra6 18. g3 Be6 19. Ncd2 d5 20. exd5 cxd5 21. c4 Rxb6
22. cxd5 Bg4 23. Kg2 Rb4 24. Re4 Bd6 25. Rxg4 Rxg4 26. Ne4 Rxe4 27. dxe4 Bc5
28. Qe2 b6 29. Ne1 Ne7 30. Nd3 Bd4 31. Nb2 Nc8 32. Nc4 1/2-1/2

[Event "Saint Louis Showdown Rapid"]
[Site "Saint Louis"]
[Date "2016.11.13"]
[Round "5"]
[White "Anand, Viswanathan"]
[Black "Topalov, Veselin"]
[Result "1-0"]
[WhiteElo "2779"]
[BlackElo "2760"]
[PlyCount "79"]
[EventDate "2016.11.13"]
[EventType "tourn (rapid)"]
[EventRounds "6"]
[EventCountry "USA"]
[EventCategory "22"]
[SourceTitle "CBM 176"]
[Source "ChessBase"]
[SourceDate "2017.01.17"]
[SourceVersion "1"]
[SourceVersionDate "2017.01.17"]
[SourceQuality "1"]

1. e4 e5 2. Nf3 Nc6 3. Bb5 a6 4. Ba4 Nf6 5. O-O b5 6. Bb3 Bb7 7. d3 Bc5 8. a4
O-O 9. Nc3 Na5 10. Ba2 b4 11. Ne2 d5 12. Nxe5 dxe4 13. d4 Bb6 14. Bg5 b3 15.
cxb3 Nc6 16. b4 Nxd4 17. Nxd4 Qxd4 18. Bxf6 Qxd1 19. Raxd1 gxf6 20. Nxf7 Rxf7
21. Rd7 Raf8 22. a5 Ba7 23. Rc1 Bb8 24. Rcd1 Kg7 25. Rxf7+ Rxf7 26. Bxf7 Kxf7
27. Rd8 e3 28. fxe3 Ba7 29. Kf2 Ke7 30. Rg8 Be4 31. g4 Kd7 32. h4 Ke7 33. h5
Kd7 34. Rg7+ Kc6 35. Re7 Bc2 36. h6 Kd6 37. Rf7 Be4 38. Rxf6+ Ke7 39. Rxa6 Bb8
40. g5 1-0

[Event "Chennai op 9th"]
[Site "Chennai"]
[Date "2017.01.18"]
[Round "1"]
[White "Anandha, Venkatesan"]
[Black "Jayakumaar, S."]
[Result "0-1"]
[WhiteElo "1631"]
[BlackElo "2211"]
[PlyCount "98"]
[EventDate "2017.01.18"]
[EventType "swiss"]
[EventRounds "10"]
[EventCountry "IND"]
[SourceTitle "CBM 176 Extra"]
[Source "ChessBase"]
[SourceDate "2017.03.02"]
[SourceVersion "1"]
[SourceVersionDate "2017.03.02"]
[SourceQuality "1"]

1. e4 c5 2. d3 Nc6 3. g3 d5 4. Nd2 Nf6 5. Bg2 Bg4 6. Ngf3 e6 7. O-O Be7 8. h3
Bh5 9. c3 Qc7 10. Qc2 O-O 11. Re1 Rac8 12. Nf1 Rfd8 13. Bf4 Qa5 14. e5 Nd7 15.
Qe2 Bg6 16. h4 d4 17. c4 b5 18. cxb5 Qxb5 19. Red1 Nb4 20. Ne1 h6 21. h5 Bh7
22. Be4 Bxe4 23. Qxe4 Nd5 24. Bc1 Qb6 25. Nd2 f5 26. Qe2 Qb8 27. Nc4 N5b6 28.
Nxb6 axb6 29. Bf4 b5 30. g4 Nb6 31. Ng2 Nd5 32. Qf3 Rf8 33. Qg3 Bg5 34. Re1
Nxf4 35. Nxf4 Bxf4 36. Qxf4 fxg4 37. Qxg4 Rf5 38. f4 Rcf8 39. Re4 Qb6 40. Rc1
c4 41. dxc4 bxc4 42. Rxc4 d3+ 43. Kg2 Qxb2+ 44. Kg3 Rg5 45. fxg5 Qf2+ 46. Kh3
Rf3+ 47. Qxf3 Qxf3+ 48. Kh2 Qxh5+ 49. Kg2 d2 0-1

[Event "Chennai op 9th"]
[Site "Chennai"]
[Date "2017.01.19"]
[Round "3"]
[White "Anandha, Venkatesan"]
[Black "Shyam Prasad Reddy, K."]
[Result "0-1"]
[WhiteElo "1631"]
[BlackElo "1920"]
[PlyCount "60"]
[EventDate "2017.01.18"]
[EventType "swiss"]
[EventRounds "10"]
[EventCountry "IND"]
[SourceTitle "CBM 176 Extra"]
[Source "ChessBase"]
[SourceDate "2017.03.02"]
[SourceVersion "1"]
[SourceVersionDate "2017.03.02"]
[SourceQuality "1"]

1. e4 e5 2. Nf3 Nc6 3. d4 exd4 4. Nxd4 Bc5 5. Nxc6 Qf6 6. Qf3 bxc6 7. Qg3 d6 8.
Nc3 Ne7 9. Na4 Bb6 10. Nxb6 axb6 11. c3 O-O 12. Bd3 Ba6 13. O-O Qe6 14. b3 Bxd3
15. Qxd3 Ra5 16. c4 Re5 17. f3 f5 18. Bf4 fxe4 19. Qe3 Nf5 20. Qe1 exf3 21.
Bxe5 fxg2 22. Rf2 dxe5 23. Qe4 g6 24. Re1 Re8 25. Rfe2 Qd7 26. Qxg2 Qd6 27. Qe4
Rf8 28. Kh1 Nd4 29. Rd2 Qf6 30. Kg2 Qg5+ 0-1

[Event "Chennai op 9th"]
[Site "Chennai"]
[Date "2017.01.22"]
[Round "6"]
[White "Jagadish, P."]
[Black "Anandha, Venkatesan"]
[Result "0-1"]
[WhiteElo "1890"]
[BlackElo "1631"]
[PlyCount "102"]
[EventDate "2017.01.18"]
[EventType "swiss"]
[EventRounds "10"]
[EventCountry "IND"]
[SourceTitle "CBM 176 Extra"]
[Source "ChessBase"]
[SourceDate "2017.03.02"]
[SourceVersion "1"]
[SourceVersionDate "2017.03.02"]
[SourceQuality "1"]

1. d4 Nf6 2. c4 g6 3. Nc3 d5 4. cxd5 Nxd5 5. Bd2 Bg7 6. e4 Nxc3 7. Bxc3 c5 8.
d5 O-O 9. Qd2 e6 10. Bxg7 Kxg7 11. O-O-O exd5 12. exd5 Nd7 13. h4 Nf6 14. f3 h5
15. Be2 Qd6 16. Nh3 Bxh3 17. Rxh3 Rad8 18. g4 Qxd5 19. Qc3 Qe6 20. Rxd8 Rxd8
21. g5 Kg8 22. Qxf6 Qe3+ 23. Kb1 Rd2 24. Rh1 Qxe2 25. a3 Qd3+ 26. Ka2 Qd4 27.
Qxd4 Rxd4 28. Kb3 b6 29. Kc3 Rf4 30. Rh3 Kf8 31. Kd3 Ke7 32. Ke3 Rd4 33. Rh2
Ke6 34. b3 a5 35. Rh1 Kf5 36. Rh2 Rd1 37. Rc2 Ke5 38. Rc3 Rd4 39. Rc4 Kd5 40.
Rxd4+ cxd4+ 41. Kd3 b5 42. f4 Kc5 43. b4+ axb4 44. axb4+ Kd5 45. Kd2 Kc4 46.
Kc2 Kxb4 47. Kd3 Kc5 48. Ke4 b4 49. Ke5 b3 50. Kf6 b2 51. Kxf7 b1=Q 0-1

[Event "IND-chT 37th"]
[Site "Bhopal"]
[Date "2017.02.03"]
[Round "2.1"]
[White "Puranik, Abhimanyu Sameer"]
[Black "Anandha, Venkatesan"]
[Result "1-0"]
[WhiteElo "2481"]
[BlackElo "1713"]
[PlyCount "69"]
[EventDate "2017.02.02"]
[EventType "team-swiss"]
[EventRounds "9"]
[EventCountry "IND"]
[SourceTitle "CBM 176 Extra"]
[Source "ChessBase"]
[SourceDate "2017.03.02"]
[SourceVersion "1"]
[SourceVersionDate "2017.03.02"]
[SourceQuality "1"]
[WhiteTeam "Airport Authority"]
[BlackTeam "Tamil Nadu II"]
[WhiteTeamCountry "IND"]
[BlackTeamCountry "IND"]

1. e4 d5 2. exd5 Nf6 3. d4 Bg4 4. Bb5+ Nbd7 5. f3 Bf5 6. c4 e6 7. dxe6 Bxe6 8.
d5 Bf5 9. Nc3 Bb4 10. Nge2 O-O 11. Bxd7 Nxd7 12. O-O Bc5+ 13. Kh1 Ne5 14. Ng3
Bd7 15. Nce4 Be7 16. Qd4 Ng6 17. Nh5 f6 18. Nf4 Ne5 19. b3 Qe8 20. Bb2 Ng6 21.
Nd3 Qf7 22. Rae1 Rfe8 23. Nec5 Bxc5 24. Nxc5 b6 25. Nxd7 Qxd7 26. Kg1 Qf5 27.
Re4 Ne5 28. Rfe1 Qg6 29. Qe3 Rf8 30. Bxe5 fxe5 31. Rxe5 Rac8 32. Re7 h6 33.
Qe6+ Qxe6 34. R1xe6 Rfd8 35. Rg6 1-0

[Event "IND-chT 37th"]
[Site "Bhopal"]
[Date "2017.02.05"]
[Round "5.1"]
[White "Anandha, Venkatesan"]
[Black "Lokesh, N."]
[Result "0-1"]
[WhiteElo "1713"]
[BlackElo "2208"]
[PlyCount "64"]
[EventDate "2017.02.02"]
[EventType "team-swiss"]
[EventRounds "9"]
[EventCountry "IND"]
[SourceTitle "CBM 176 Extra"]
[Source "ChessBase"]
[SourceDate "2017.03.02"]
[SourceVersion "1"]
[SourceVersionDate "2017.03.02"]
[SourceQuality "1"]
[WhiteTeam "Tamil Nadu II"]
[BlackTeam "Viyugam CA"]
[WhiteTeamCountry "IND"]
[BlackTeamCountry "IND"]

1. Nf3 Nf6 2. g3 e6 3. Bg2 d5 4. O-O c5 5. d3 Nc6 6. Nbd2 Be7 7. e4 O-O 8. Re1
b5 9. e5 Nd7 10. Nf1 Bb7 11. h4 Qc7 12. Bf4 Rfc8 13. Ne3 Qd8 14. Ng4 a5 15. Ng5
Nf8 16. Nh2 b4 17. Qh5 Qe8 18. c4 Nd4 19. cxd5 Bxd5 20. Bxd5 exd5 21. Nhf3 f6
22. Qxe8 Rxe8 23. exf6 Bxf6 24. Nxd4 Bxd4 25. Rab1 Rxe1+ 26. Rxe1 Bxb2 27. Re7
c4 28. dxc4 dxc4 29. Rc7 b3 30. a4 Bf6 31. Ne4 b2 32. Rb7 c3 0-1

[Event "Zuerich Chess Challenge Blitz 6th"]
[Site "Zuerich"]
[Date "2017.04.12"]
[Round "1"]
[White "Oparin, Grigoriy"]
[Black "Anand, Viswanathan"]
[Result "1/2-1/2"]
[WhiteElo "2604"]
[BlackElo "2786"]
[PlyCount "66"]
[EventDate "2017.04.12"]
[EventType "tourn (blitz)"]
[EventRounds "9"]
[EventCountry "SUI"]
[SourceTitle "CBM 177 Extra"]
[Source "ChessBase"]
[SourceDate "2017.04.27"]
[SourceVersion "1"]
[SourceVersionDate "2017.04.27"]
[SourceQuality "1"]

1. e4 e5 2. Nc3 Nf6 3. g3 Bc5 4. Bg2 O-O 5. d3 c6 6. Nf3 Re8 7. O-O d6 8. h3 a5
9. Kh2 Na6 10. d4 Bb6 11. Be3 exd4 12. Nxd4 Nc5 13. Nf5 Bxf5 14. exf5 d5 15.
Qf3 Nce4 16. Nxe4 Rxe4 17. Rfe1 Bxe3 18. Rxe3 Qb6 19. Rb3 Qc7 20. Re3 Rxe3 21.
Qxe3 Re8 22. Qc3 Re2 23. Rf1 Qb6 24. Kg1 h6 25. Bf3 Ne4 26. Bxe4 Rxe4 27. Re1
d4 28. Qd2 Rxe1+ 29. Qxe1 Kf8 30. Qe5 f6 31. Qd6+ Kg8 32. Qe6+ Kh7 33. Qe8 Qxb2
1/2-1/2

[Event "Zuerich Chess Challenge Blitz 6th"]
[Site "Zuerich"]
[Date "2017.04.12"]
[Round "3"]
[White "Svidler, Peter"]
[Black "Anand, Viswanathan"]
[Result "1/2-1/2"]
[WhiteElo "2747"]
[BlackElo "2786"]
[PlyCount "44"]
[EventDate "2017.04.12"]
[EventType "tourn (blitz)"]
[EventRounds "9"]
[EventCountry "SUI"]
[SourceTitle "CBM 177 Extra"]
[Source "ChessBase"]
[SourceDate "2017.04.27"]
[SourceVersion "1"]
[SourceVersionDate "2017.04.27"]
[SourceQuality "1"]

1. Nf3 d5 2. g3 Nc6 3. d4 Bf5 4. Bg2 e6 5. O-O Nb4 6. Na3 c6 7. c3 Na6 8. Qa4
Nf6 9. Ne5 Nc7 10. c4 Bd6 11. Bf4 O-O 12. Qb3 Rb8 13. Rac1 h6 14. Rfd1 Re8 15.
c5 Bf8 16. Nb1 Nd7 17. Nxd7 Qxd7 18. Nc3 b6 19. cxb6 Rxb6 20. Qa4 Ra6 21. Qb3
Rb6 22. Qa4 Ra6 1/2-1/2

[Event "Zuerich Chess Challenge Blitz2 6th"]
[Site "Zuerich"]
[Date "2017.04.17"]
[Round "3"]
[White "Anand, Viswanathan"]
[Black "Nepomniachtchi, Ian"]
[Result "1/2-1/2"]
[WhiteElo "2786"]
[BlackElo "2751"]
[PlyCount "71"]
[EventDate "2017.04.17"]
[EventType "tourn (blitz)"]
[EventRounds "7"]
[EventCountry "SUI"]
[EventCategory "19"]
[SourceTitle "CBM 178"]
[Source "ChessBase"]
[SourceDate "2017.05.14"]
[SourceVersion "1"]
[SourceVersionDate "2017.05.14"]
[SourceQuality "1"]

1. e4 c5 2. Nf3 d6 3. d4 cxd4 4. Nxd4 Nf6 5. Nc3 a6 6. h3 e5 7. Nde2 h5 8. Bg5
Be6 9. Bxf6 Qxf6 10. Nd5 Qd8 11. Qd3 Nd7 12. O-O-O b5 13. Kb1 Rb8 14. a3 Bxd5
15. Qxd5 Be7 16. Nc3 O-O 17. Qd2 Nf6 18. g4 b4 19. axb4 Rxb4 20. f3 Qb6 21. b3
Rb8 22. Rh2 Rd4 23. Qe1 d5 24. Rxd4 exd4 25. Na4 Qc7 26. e5 Bb4 27. Qe2 Re8 28.
Qxa6 Rxe5 29. Re2 Re3 30. Rxe3 dxe3 31. g5 Nd7 32. Qa8+ Nf8 33. Qxd5 Qe7 34.
Qe4 Qxe4 35. fxe4 Ne6 36. c3 1/2-1/2

[Event "Zuerich Chess Challenge Blitz2 6th"]
[Site "Zuerich"]
[Date "2017.04.17"]
[Round "4"]
[White "Oparin, Grigoriy"]
[Black "Anand, Viswanathan"]
[Result "1/2-1/2"]
[WhiteElo "2604"]
[BlackElo "2786"]
[PlyCount "61"]
[EventDate "2017.04.17"]
[EventType "tourn (blitz)"]
[EventRounds "7"]
[EventCountry "SUI"]
[EventCategory "19"]
[SourceTitle "CBM 178"]
[Source "ChessBase"]
[SourceDate "2017.05.14"]
[SourceVersion "1"]
[SourceVersionDate "2017.05.14"]
[SourceQuality "1"]

1. e4 e5 2. Nf3 Nc6 3. Bc4 Bc5 4. c3 Nf6 5. d3 d6 6. O-O O-O 7. a4 a6 8. Re1
Ba7 9. h3 Ne7 10. Nbd2 Ng6 11. d4 Re8 12. Qb3 Qe7 13. Nf1 c6 14. dxe5 Nxe5 15.
Nxe5 dxe5 16. a5 Be6 17. Bxe6 Qxe6 18. Qc2 Rad8 19. Be3 Bxe3 20. Nxe3 Rd7 21.
Rad1 Rxd1 22. Rxd1 Qa2 23. Ng4 Nxg4 24. hxg4 Qxa5 25. Rd7 b5 26. Qb3 Rf8 27. g5
g6 28. g3 c5 29. Qd5 Qa1+ 30. Kg2 Qxb2 31. Rd8 1/2-1/2

[Event "Zuerich Chess Challenge Blitz2 6th"]
[Site "Zuerich"]
[Date "2017.04.17"]
[Round "6"]
[White "Svidler, Peter"]
[Black "Anand, Viswanathan"]
[Result "1/2-1/2"]
[WhiteElo "2747"]
[BlackElo "2786"]
[PlyCount "33"]
[EventDate "2017.04.17"]
[EventType "tourn (blitz)"]
[EventRounds "7"]
[EventCountry "SUI"]
[EventCategory "19"]
[SourceTitle "CBM 178"]
[Source "ChessBase"]
[SourceDate "2017.05.14"]
[SourceVersion "1"]
[SourceVersionDate "2017.05.14"]
[SourceQuality "1"]

1. Nf3 d5 2. g3 Nf6 3. Bg2 c5 4. O-O g6 5. c4 Bg7 6. cxd5 Nxd5 7. Nc3 O-O 8.
Nxd5 Qxd5 9. d4 cxd4 10. Be3 Nc6 11. Nxd4 Qc4 12. Nxc6 bxc6 13. Qb3 Be6 14.
Qxc4 Bxc4 15. Rac1 Bxa2 16. Bxc6 Rab8 17. Bxa7 1/2-1/2

[Event "Norway Chess 5th"]
[Site "Stavanger"]
[Date "2017.06.10"]
[Round "4"]
[White "Giri, Anish"]
[Black "Anand, Viswanathan"]
[Result "1-0"]
[WhiteElo "2771"]
[BlackElo "2786"]
[Annotator "Yermolinsky,A"]
[PlyCount "65"]
[EventDate "2017.06.06"]
[EventType "tourn"]
[EventRounds "9"]
[EventCountry "NOR"]
[EventCategory "22"]
[SourceTitle "CBM 179"]
[Source "ChessBase"]
[SourceDate "2017.07.12"]
[SourceVersion "1"]
[SourceVersionDate "2017.07.12"]
[SourceQuality "1"]

1. c4 e5 2. Nc3 Bb4 3. Nd5 Bc5 4. e3 Nf6 5. b4 {Anish doesn't quit on his
ideas.} Nxd5 6. bxc5 Nf6 7. Nf3 Nc6 {The old lion smells the trap.} ({
Giri-Grischuk, Moscow Grand Prix 2017, went} 7... Qe7 8. Be2 $1 e4 9. Nd4 Na6 {
and here Anish missed a great idea} 10. O-O $1 ({Instead he went crazy with} 
10. g4 {and soon was forced to fight for a draw in an endgame a pawn down.})
10... Nxc5 11. Nf5 $3 Qe5 12. Nxg7+ Kf8 13. Rb1 Kxg7 14. Bb2 Qe7 15. f3 {
with a huge attack against the hopelessly pinned Nf6.}) 8. Be2 O-O 9. Bb2 d6 {
By playing like this Black simply accepts a slightly worse position.} 10. cxd6
cxd6 11. O-O Re8 12. a4 b6 13. d3 Bg4 14. h3 Bh5 15. g4 Bg6 16. Nh4 Rc8 17.
Nxg6 hxg6 18. Bf3 g5 (18... Nd7 19. Ba3 Qf6 20. Bd5) 19. Bg2 Nd7 20. f4 gxf4
21. exf4 Nc5 {One of those small mistakes that lead to grave consequences.} ({
Black had to prevent the white bishop from coming to d5, and that could have
been accomplished by} 21... Qh4 $1 22. fxe5 Ndxe5 23. Qd2 Qg3 {Eventually
White will have to trade queens and be content with a mere endgame advantage.})
22. fxe5 dxe5 23. Bd5 Rf8 (23... Re7 24. Qf3 Qc7 25. g5 $16) 24. Qf3 Qd7 25.
Bc3 Ne6 26. Rae1 Ne7 27. Rxe5 Nxd5 28. Rxd5 Qxa4 29. g5 $6 {Very consistent,
yet inaccurate.} ({A player with an eye for a king hunt would quickly spot} 29.
Rh5 $1 Rc5 30. Be5 f6 31. Qf5 Ng5 32. d4 {winning the exchange and the game in
short order.}) 29... Rc5 (29... Qa3 30. Bf6 {favours White, but it's a game.})
30. h4 Rxd5 31. cxd5 Nc5 $2 {Vishy appears to be off his best form.} ({The
only way to continue was} 31... Qxh4 32. dxe6 Qxg5+ 33. Qg2 Qe3+ 34. Rf2 Qc1+
35. Qf1 Qg5+ {and it doesn't seem to be totally hopeless.}) 32. g6 $18 Qd7 (
32... Qxh4 33. gxf7+ Kh7 34. Kg2 Qg5+ 35. Kf2) 33. Bb4 {Now White will win by
playing d3-d4.} 1-0

[Event "Leon 30th"]
[Site "Leon"]
[Date "2017.07.08"]
[Round "1.1"]
[White "Anand, Viswanathan"]
[Black "Santos Latasa, Jaime"]
[Result "1/2-1/2"]
[WhiteElo "2783"]
[BlackElo "2542"]
[PlyCount "63"]
[EventDate "2017.07.07"]
[EventType "k.o. (rapid)"]
[EventRounds "2"]
[EventCountry "ESP"]
[SourceTitle "CBM 180"]
[Source "ChessBase"]
[SourceDate "2017.09.13"]
[SourceVersion "1"]
[SourceVersionDate "2017.09.13"]
[SourceQuality "1"]

1. e4 e5 2. Nf3 Nc6 3. Bb5 a6 4. Ba4 Nf6 5. O-O Be7 6. Re1 b5 7. Bb3 d6 8. c3
O-O 9. h3 Nb8 10. d4 Nbd7 11. Nbd2 Bb7 12. Bc2 Re8 13. Nf1 Bf8 14. Ng3 g6 15.
a4 Bg7 16. Bd3 d5 17. Bg5 b4 18. cxb4 h6 19. Bxf6 Qxf6 20. Rc1 Qd6 21. exd5
exd4 22. Ne4 Qxb4 23. Rxc7 Ne5 24. Nxe5 Rxe5 25. f4 Ree8 26. d6 Rad8 27. Nd2
Bd5 28. Rxe8+ Rxe8 29. d7 Rd8 30. Qe2 Be6 31. Nf3 Qb6 32. Rc8 1/2-1/2